[Event "Sao Paulo IRT op 3rd"]
[Site "Sao Paulo"]
[Date "2013.09.08"]
[Round "5"]
[White "De Carvalho, Rafael Cunha"]
[Black "Sztokbant, Bernardo Vainzoff"]
[Result "1/2-1/2"]
[WhiteElo "2052"]
[BlackElo "2230"]
[PlyCount "130"]
[EventDate "2013.09.06"]
[EventType "swiss"]
[EventRounds "6"]
[EventCountry "BRA"]
[SourceTitle "CBM 156 Extra"]
[Source "ChessBase"]
[SourceDate "2013.10.22"]
[SourceVersion "1"]
[SourceVersionDate "2013.10.22"]
[SourceQuality "1"]

1. d4 d5 2. c4 e6 3. Nc3 Be7 4. Nf3 Nf6 5. Bg5 0-0 6. e3 h6 7. Bh4 b6 8. cxd5 Nxd5 9. Bxe7 Qxe7 10. Nxd5 exd5 11. Rc1 Be6 12. Qa4 c5 13. dxc5 bxc5 14. Bb5 Nd7 15. 0-0 Rfc8 16. Rc3 Nf6 17. Bd3 Rab8 18. Qa3 Kf8 19. b3 c4 20. Qxe7+ Kxe7 21. Bc2 cxb3 22. Rxc8 Rxc8 23. Bxb3 Ne4 24. Nd4 Rc5 25. f3 Nc3 26. Rc1 a5 27. Kf1 Bd7 28. Bxd5 f6 29. Ke1 Kd6 30. Bf7 Ke7 31. Bb3 a4 32. Bd1 Kd6 33. a3 Nd5 34. Rxc5 Kxc5 35. Kd2 f5 36. Be2 f4 37. Nc2 g5 38. Bd3 Be6 39. exf4 Nxf4 40. Bf1 Bc4 41. Bxc4 Kxc4 42. g3 Nh3 43. Nb4 Kb3 44. Nc2 Ng1 45. f4 gxf4 46. gxf4 Nf3+ 47. Kd3 Nxh2 48. Ne3 Nf3 49. f5 Kxa3 50. Kc3 Ka2 51. f6 Ne5 52. Kc2 h5 53. Nf5 a3 54. Nh4 Ka1 55. Nf5 Ka2 56. Nh4 Nf7 57. Nf5 Nd8 58. Nh4 Ka1 59. Nf5 Ka2 60. Nh4 Ne6 61. f7 Nf8 62. Nf5 Ka1 63. Nd4 h4 64. Nb3+ Ka2 65. Nc1+ Ka1 1/2-1/2

[Event "Sao Paulo IRT op 3rd"]
[Site "Sao Paulo"]
[Date "2013.09.06"]
[Round "1"]
[White "Hoshino, Karen M"]
[Black "De Carvalho, Rafael Cunha"]
[Result "0-1"]
[WhiteElo "1656"]
[BlackElo "2052"]
[PlyCount "172"]
[EventDate "2013.09.06"]
[EventType "swiss"]
[EventRounds "6"]
[EventCountry "BRA"]
[SourceTitle "CBM 156 Extra"]
[Source "ChessBase"]
[SourceDate "2013.10.22"]
[SourceVersion "1"]
[SourceVersionDate "2013.10.22"]
[SourceQuality "1"]

1. d4 Nf6 2. Nf3 g6 3. c3 Bg7 4. Bg5 0-0 5. Nbd2 d5 6. e3 b6 7. Be2 Bb7 8. 0-0 Nbd7 9. Bxf6 Bxf6 10. Re1 e5 11. dxe5 Nxe5 12. Nxe5 Bxe5 13. Nf3 Bg7 14. Qc2 Qe7 15. Rad1 Rfd8 16. Bf1 c5 17. h3 Qf6 18. Nd2 Rac8 19. Qa4 a5 20. Qf4 Qe7 21. Nf3 Bc6 22. Rd2 Rd6 23. c4 Rcd8 24. cxd5 Rxd5 25. Rxd5 Bxd5 26. b3 Be6 27. Bc4 Qd6 28. Bxe6 Qxe6 29. Ng5 Qf6 30. Qxf6 Bxf6 31. Nf3 Kf8 32. Kf1 a4 33. Rb1 Ra8 34. b4 c4 35. Rc1 b5 36. Ke2 Rd8 37. Rc2 Rd3 38. Ne1 Ra3 39. e4 Bc3 40. Nf3 Ke7 41. g4 Bxb4 42. Nd4 Rxh3 43. Nc6+ Kd6 44. Nxb4 Rh4 45. Kf3 h5 46. gxh5 gxh5 47. Rd2+ Kc5 48. Nc2 Rh3+ 49. Kf4 Rd3 50. Re2 b4 51. e5 b3 52. axb3 cxb3 53. Na1 Rd1 54. Nxb3+ axb3 55. Kf5 Kc4 56. Kf6 Rd7 57. f4 Kc3 58. Re3+ Kc2 59. Re2+ Kc1 60. Re4 Rb7 61. Re1+ Kd2 62. Rh1 b2 63. f5 Kc2 64. Rh2+ Kb3 65. Rh3+ Ka2 66. Rh2 h4 67. e6 fxe6 68. fxe6 Ka1 69. e7 Rxe7 70. Rxh4 Ra7 71. Rh1+ b1Q 72. Rxb1+ Kxb1 73. Ke5 Kc2 74. Kd4 Ra4+ 75. Ke5 Kd3 76. Kf5 Re4 77. Kf6 Kd4 78. Kf5 Kd5 79. Kf6 Re5 80. Kf7 Re6 81. Kg7 Ke5 82. Kf7 Kf5 83. Kg7 Rf6 84. Kh7 Rf7+ 85. Kh6 Re7 86. Kh5 Rh7# 0-1

[Event "Mogi das Cruzes op 08"]
[Site "Mogi das Cruzes"]
[Date "2013.08.18"]
[Round "5"]
[White "De Souza, Cristiano Gomes"]
[Black "De Carvalho, Rafael Cunha"]
[Result "1/2-1/2"]
[WhiteElo "1960"]
[BlackElo "2047"]
[PlyCount "118"]
[EventDate "2013.08.16"]
[EventType "swiss"]
[EventRounds "6"]
[EventCountry "BRA"]
[SourceTitle "CBM 155 Extra"]
[Source "ChessBase"]
[SourceDate "2013.08.26"]
[SourceVersion "1"]
[SourceVersionDate "2013.08.26"]
[SourceQuality "1"]

1. d4 Nf6 2. c4 g6 3. Nc3 d5 4. Bf4 Bg7 5. e3 0-0 6. Nf3 c5 7. dxc5 Qa5 8. Rc1 dxc4 9. Bxc4 Qxc5 10. Bb3 Nc6 11. 0-0 Qa5 12. Qe2 Bf5 13. Rfd1 Rad8 14. h3 h6 15. e4 Bc8 16. Nd5 Rd7 17. Rc2 Nxd5 18. exd5 Nb4 19. Bd2 Qb6 20. Bxb4 Qxb4 21. Rdc1 Rdd8 22. Rc7 Bf6 23. g4 Qf4 24. R1c4 Qd6 25. Kg2 e6 26. Rxc8 Rxc8 27. Rxc8 Rxc8 28. dxe6 Kg7 29. exf7 Qc6 30. a3 Rd8 31. Bc2 a6 32. b4 Rc8 33. Bb3 Rd8 34. a4 Rf8 35. b5 Qd6 36. Qe4 axb5 37. axb5 b6 38. h4 Qe7 39. Qxe7 Bxe7 40. Nd4 Rc8 41. h5 gxh5 42. gxh5 Rc3 43. Ba2 Rc8 44. Nf5+ Kf8 45. Nxh6 Rc5 46. Ng4 Rxh5 47. Kf3 Rxb5 48. Ke4 Rb2 49. Bd5 b5 50. Kf5 Kg7 51. f4 b4 52. Ne5 Rf2 53. Bb3 Rb2 54. Bd5 Rf2 55. Ke6 Bc5 56. f5 Re2 57. f6+ Kf8 58. Kf5 Rxe5+ 59. Kxe5 b3 1/2-1/2

[Event "Sao Bernardo do Campo op"]
[Site "Sao Bernardo do Campo"]
[Date "2013.05.25"]
[Round "3"]
[White "De Carvalho, Rafael Cunha"]
[Black "Dinegri, Rodrigo"]
[Result "1-0"]
[WhiteElo "2033"]
[BlackElo "1621"]
[PlyCount "67"]
[EventDate "2013.05.24"]
[EventType "swiss"]
[EventRounds "6"]
[EventCountry "BRA"]
[SourceTitle "CBM 154 Extra"]
[Source "ChessBase"]
[SourceDate "2013.06.25"]
[SourceVersion "2"]
[SourceVersionDate "2013.06.25"]
[SourceQuality "1"]

1. d4 d5 2. Nf3 Nf6 3. c4 c6 4. g3 e6 5. Bg2 Be7 6. 0-0 0-0 7. Nc3 b6 8. Ne5 Bb7 9. b3 Nbd7 10. f4 Nxe5 11. fxe5 Nd7 12. cxd5 cxd5 13. Bb2 Rc8 14. e4 dxe4 15. Nxe4 b5 16. Nf6+ gxf6 17. Bxb7 Rc7 18. exf6 Nxf6 19. Bg2 Rd7 20. Bc6 Rd6 21. Bxb5 Qb6 22. Bc4 e5 23. Qe2 e4 24. Kh1 Re8 25. Rf5 Bf8 26. Re5 Red8 27. Rf1 Bg7 28. Re7 R6d7 29. Bxf7+ Kh8 30. Rxd7 Rxd7 31. Bc4 Qd6 32. d5 Re7 33. Qe3 Ne8 34. Rf8# 1-0

[Event "BRA-ch U25"]
[Site "Sao Paulo"]
[Date "2012.02.20"]
[Round "4"]
[White "Roverso, Leandro"]
[Black "De Carvalho, Rafael Cunha"]
[Result "0-1"]
[WhiteElo "1913"]
[BlackElo "2053"]
[PlyCount "54"]
[EventDate "2012.02.18"]
[EventType "swiss"]
[EventRounds "7"]
[EventCountry "BRA"]
[SourceTitle "CBM 147 Extra"]
[Source "ChessBase"]
[SourceDate "2012.04.24"]
[SourceVersion "1"]
[SourceVersionDate "2012.04.24"]
[SourceQuality "1"]

1. d4 Nf6 2. Nf3 d5 3. c4 c6 4. Nc3 g6 5. Bf4 Qb6 6. Qc1 dxc4 7. e4 Bg7 8. Bxc4 0-0 9. h3 Qa5 10. 0-0 Nbd7 11. a3 Nh5 12. Be3 e5 13. b4 Qc7 14. d5 Nb6 15. Ba2 Nf4 16. Nb5 Qe7 17. Bc5 Qf6 18. Bxf8 Bxf8 19. Nc7 Ne2+ 20. Kh1 Nxc1 21. Nxa8 Nxa2 22. Nxb6 axb6 23. Rxa2 Bxh3 24. Kh2 Bg4 25. Nd2 Bh6 26. Nc4 cxd5 27. exd5 Qf4+ 0-1

[Event "BRA-ch U25"]
[Site "Sao Paulo"]
[Date "2012.02.18"]
[Round "2"]
[White "De Carvalho, Rafael Cunha"]
[Black "Correia, Vitor Paie"]
[Result "1-0"]
[WhiteElo "2053"]
[BlackElo "1504"]
[PlyCount "91"]
[EventDate "2012.02.18"]
[EventType "swiss"]
[EventRounds "7"]
[EventCountry "BRA"]
[SourceTitle "CBM 147 Extra"]
[Source "ChessBase"]
[SourceDate "2012.04.24"]
[SourceVersion "1"]
[SourceVersionDate "2012.04.24"]
[SourceQuality "1"]

1. d4 Nf6 2. c4 g6 3. Nc3 d5 4. cxd5 Nxd5 5. Bd2 Bg7 6. e4 Nxc3 7. Bxc3 0-0 8. Rc1 Nc6 9. Nf3 Bg4 10. d5 Bxf3 11. gxf3 Ne5 12. f4 Nd7 13. Bxg7 Kxg7 14. Qb3 Rb8 15. Bg2 b6 16. Qc3+ f6 17. Qxc7 Rc8 18. Qxc8 Qxc8 19. Rxc8 Rxc8 20. Kd2 Kf7 21. h4 Rc4 22. b3 Rc7 23. Rh3 a5 24. Rc3 Rxc3 25. Kxc3 Ke8 26. Kc4 Kd8 27. a3 Kc7 28. b4 axb4 29. axb4 Kd6 30. Bh3 Nb8 31. Kb5 Kc7 32. Be6 h6 33. Bf7 g5 34. fxg5 fxg5 35. hxg5 hxg5 36. Be6 Kb7 37. e5 Na6 38. Bc8+ Kxc8 39. Kxa6 Kc7 40. b5 Kc8 41. Kxb6 Kb8 42. Kc6 Kc8 43. d6 exd6 44. exd6 Kd8 45. b6 g4 46. b7 1-0